000 00894cas a22002657a 4500
005 20220329142318.0
008 000609u1980 es r pernn 0 b1spa d
010 _a81493
011 _a82465
022 _a0211-1314
035 _a92961
245 0 0 _aComunicaciones I.N.I.A. Serie :
_bHigiene y Sanidad Animal
_c/por Instituto Nacional de Investigaciones Agrarias
260 0 _aMadrid, España :
_bMinisterio de Agricultura, Pesca y Alimentación,
_c1980-
300 _av.
310 _aIrregular
362 _an.7, 1984.
590 _aBATCH-UPD
_b10
_c20130110
_lUCH01
_h2339
590 _aBATCH-UPD
_b10
_c20130410
_lUCH01
_h1628
590 _aBATCH-UPD
_b10
_c20130914
_lUCH01
_h2014
590 _aCONVERSION
_b10
_c20130109
_lUCH01
_h1345
650 1 4 _aSanidad animal
_xPublicaciones periódicas.
_9102223
866 _an.3-11 (1980-1985)
901 _aSE
905 _aLilia Sánchez G.
999 _c81493
_d81493